000
00232nam a22000977a 4500
999
_c
521900
_d
521900
082
_a
TNC T1 Se48
100
_a
Seligman, Ben B.
_9
36184
245
_a
Main Currents In Modern Economics
260
_a
New York
_b
FP
_c
1962
300
_a
887p.